000
00293nam a2200109Ia 4500
008
200302s9999 xx 000 0 und d
100
_a
Dinesh N. Awasthi
245
_a
Regional Patterns of Industrial Growth in India
260
_b
Concept Publishing Co. Ltd.
260
_c
1991
300
_a
219 P.,
999
_c
5550
_d
5550